Os amantes de Sonezaki (Record no. 57027)

MARC details
000 -LÍDER
campo de controle de tamanho fixo 00358 a2200169 4500
001 - NÚMERO DE CONTROLE
campo de controle 57027
020 ## - ISBN - INTERNATIONAL STANDARD BOOK NUMBER
ISBN - International Standard Book Number 8532252583
040 ## - FONTE DA CATALOGAÇÃO
Instituição que transcreveu o registro Anchieta - Pituba
100 ## - ENTRADA PRINCIPAL--NOME PESSOAL
Nome pessoal Chikamatsu
240 10 - TÍTULO UNIFORME
Título uniforme Os amantes de Sonezaki
Idioma da obra por
245 10 - TÍTULO
Título Os amantes de Sonezaki
300 ## - DESCRIÇÃO FÍSICA
Extensão 80
362 0# - DATAS DE PUBLICAÇÃO E/OU DESIGNAÇÃO SEQUENCIAL
Datas de publicação e/ou designação sequencial 2005
440 #1 - DECLARAÇÃO DE SÉRIE/ENTRADA ADICIONADA--TÍTULO
Título FTD
650 #4 - ASSUNTO--TERMO TÓPICO
Cabeçalho tópico ou nome geográfico Literatura juvenil
942 ## - ELEMENTOS DE ENTRADA ADICIONADOS (KOHA)
Tipo de material Koha Livros
Holdings
Situação do descarte Situação das perdas Situação física Não pode ser emprestado Biblioteca de origem Biblioteca atual Data de aquisição Total de empréstimos Número de chamada completo Código de barras Data de último acesso Data do preço efetivo Tipo de material Koha Fonte da classificação ou esquema de arquivamento na estante Nota pública
        Colégio Anchieta - Pituba Colégio Anchieta - Pituba 21/11/2023   LJ 028.5 C534a CHI AMA 6835/PIT 21/11/2023 21/11/2023 Livros    
        Colégio Anchieta - Pituba Colégio Anchieta - Pituba 21/11/2023   LJ 028.5 C534a CHI AMA 6836/PIT 21/11/2023 21/11/2023 Livros    
        Novo Tempo - Aureliano São José Novo Tempo - Aureliano São José 16/07/2024     fm424 16/07/2024 16/07/2024 Livros Classificação Decimal de Dewey FD2/EM